Chroniques chevaleresques de l'Espagne et du Portugal ; suivies du Tisserand de Ségovie, drame du XVIIème siècle / (Record no. 48291)

MARC details
000 -LEADER
campo de control de longitud fija 00724nam a2200205 i 4500
001 - NÚMERO DE CONTROL
campo de control 48291
003 - IDENTIFICADOR DE NÚMERO DE CONTROL
campo de control ES-MaACL
005 - FECHA Y HORA DE LA ÚLTIMA TRANSACCIÓN
campo de control 20251003163724.0
007 - CAMPO FIJO DE DESCRIPCIÓN FÍSICA--INFORMACIÓN GENERAL
campo de control de longitud fija t|
008 - DATOS DE LONGITUD FIJA--INFORMACIÓN GENERAL
campo de control de longitud fija 950711s1839 fr ||||1| fre d
040 ## - FUENTE DE CATALOGACIÓN
Centro catalogador/agencia de origen CAM
Lengua de catalogación spa
Centro/agencia transcriptor CAM
245 00 - MENCIÓN DEL TÍTULO
Título Chroniques chevaleresques de l'Espagne et du Portugal ; suivies du Tisserand de Ségovie, drame du XVIIème siècle /
Mención de responsabilidad, etc. [de J. Ruiz de Alarcon] ; publiées par Ferdinand Denis.
260 ## - PUBLICACIÓN, DISTRIBUCIÓN, ETC.
Lugar de publicación, distribución, etc. Paris :
Nombre del editor, distribuidor, etc. Ledoyen,
Fecha de publicación, distribución, etc. 1839.
300 ## - DESCRIPCIÓN FÍSICA
Extensión 1 v. (382, 492 p.) ;
Dimensiones 22 cm.
505 8# - NOTA DE CONTENIDO CON FORMATO
Nota de contenido con formato Contiene 2 t. en 1 v.
700 1# - ENTRADA AGREGADA--NOMBRE PERSONAL
Nombre de persona Denis, Ferdinand Jean,
Fechas asociadas al nombre 1798-1890
9 (RLIN) 165445
700 0# - ENTRADA AGREGADA--NOMBRE PERSONAL
Nombre de persona Ruiz de Alarcón y Mendoza, Juan.
9 (RLIN) 100719
852 ## - LOCALIZACIÓN
Ubicación ES-MaACL
Número de control de estantería G-6884
Holdings
Estatus retirado Estado de pérdida Estado de daño No para préstamo Colección Biblioteca de origen Biblioteca actual Ubicación en estantería Fecha de adquisición Fuente de adquisición Total de préstamos Signatura topográfica completa Código de barras Visto por última vez Precio de reemplazo Tipo de ítem Koha
        Libros del s. XIX Biblioteca del Ateneo de Madrid Biblioteca del Ateneo de Madrid Depósito 2 17/01/2008     G-6884 1050823 23/02/2023 23/02/2023 Libro impreso antiguo